000 00703nam1a22002291i 4500
001 v19\rc\1260816
005 20240726021717.0
035 _a(NLR Aleph) 005198855
090 _a5288965
_c5288965
100 _a20060306g18921904k||y0rusy50 ca
101 0 _arus
102 _aRU
105 _aa z |||||
200 1 _aЭлектротехническая библиотека
210 _aСанкт-Петербург
_cжурн. "Электричество"
_d1892-1904
215 _a7 т.
801 2 _aRU
_bNLR
_c20070129
_2rusmarc
801 0 _aRU
_bNLR
_c20060306
_gpsbo
801 1 _aRU
_bProSoft-M
_c20060306
_2rusmarc
852 _aNLR
_j18.175.2.41
852 _aNLR
_j+Шифры разные
942 _cBOOK